[Event "SVK-ch I/140 corr"]
[Site "Slovakia"]
[Date "2002.??.??"]
[Round "?"]
[White "Mizik, Miroslav"]
[Black "Vrastiak, Peter"]
[Result "1/2-1/2"]
[WhiteElo "1820"]
[BlackElo "1842"]
[PlyCount "33"]
[EventDate "2002.12.15"]
[EventType "tourn (corr)"]
[EventRounds "12"]
[EventCountry "SVK"]
[SourceTitle "Corr 2008"]
[Source "ChessBase"]
[SourceDate "2008.06.24"]
[SourceVersion "1"]
[SourceVersionDate "2008.06.24"]
[SourceQuality "1"]

1. d4 Nf6 2. c4 g6 3. Nc3 Bg7 4. e4 d6 5. f4 0-0 6. Nf3 c5 7. d5 Na6 8. Be2 Nc7 9. 0-0 a6 10. Qc2 Bd7 11. e5 Nfe8 12. Bd2 Rb8 13. Rae1 b5 14. b3 b4 15. Ne4 Bg4 16. Nf2 Bxf3 17. Bxf3 1/2-1/2

[Event "SVK-ch I/140 corr"]
[Site "Slovakia"]
[Date "2002.??.??"]
[Round "?"]
[White "Vrastiak, Peter"]
[Black "Mizik, Miroslav"]
[Result "1/2-1/2"]
[WhiteElo "1842"]
[BlackElo "1820"]
[PlyCount "30"]
[EventDate "2002.12.15"]
[EventType "tourn (corr)"]
[EventRounds "12"]
[EventCountry "SVK"]
[SourceTitle "Corr 2008"]
[Source "ChessBase"]
[SourceDate "2008.06.24"]
[SourceVersion "1"]
[SourceVersionDate "2008.06.24"]
[SourceQuality "1"]

1. Nf3 d5 2. g3 c6 3. Bg2 e6 4. 0-0 f5 5. d3 Nf6 6. c4 Be7 7. cxd5 exd5 8. b3 0-0 9. Bb2 Qe8 10. Nbd2 Na6 11. Ne5 Bd6 12. Ndf3 Nd7 13. Nxd7 Bxd7 14. e3 Qe6 15. Re1 Nc7 1/2-1/2

[Event "SVK-ch I/140 corr"]
[Site "Slovakia"]
[Date "2002.??.??"]
[Round "?"]
[White "Vrastiak, Peter"]
[Black "Nagy, Peter"]
[Result "0-1"]
[WhiteElo "1842"]
[BlackElo "1826"]
[PlyCount "58"]
[EventDate "2002.12.15"]
[EventType "tourn (corr)"]
[EventRounds "12"]
[EventCountry "SVK"]
[SourceTitle "Corr 2008"]
[Source "ChessBase"]
[SourceDate "2008.06.24"]
[SourceVersion "1"]
[SourceVersionDate "2008.06.24"]
[SourceQuality "1"]

1. Nf3 d5 2. g3 Nf6 3. Bg2 c6 4. 0-0 Bg4 5. d3 Nbd7 6. c4 e5 7. cxd5 cxd5 8. Qa4 Bxf3 9. Bxf3 Rc8 10. Bg5 Qb6 11. Nc3 Qxb2 12. Nxd5 Nxd5 13. Bxd5 f6 14. Rfc1 Rc5 15. Bf7+ Kxf7 16. Qxd7+ Be7 17. Be3 Rd8 18. Qa4 Rxc1+ 19. Rxc1 Qxe2 20. Qxa7 Rxd3 21. Qxb7 Qxa2 22. Bc5 Qe6 23. Bxe7 Rd7 24. Qe4 Qxe7 25. Qxh7 Qd8 26. h4 Rd2 27. Qh5+ Kg8 28. Qg4 Qb6 29. Rb1 Qxf2+ 0-1

[Event "SVK-ch I/140 corr"]
[Site "Slovakia"]
[Date "2002.??.??"]
[Round "?"]
[White "Vrastiak, Peter"]
[Black "Roth, Peter1"]
[Result "0-1"]
[WhiteElo "1842"]
[BlackElo "1780"]
[PlyCount "38"]
[EventDate "2002.12.15"]
[EventType "tourn (corr)"]
[EventRounds "12"]
[EventCountry "SVK"]
[SourceTitle "Corr 2008"]
[Source "ChessBase"]
[SourceDate "2008.06.24"]
[SourceVersion "1"]
[SourceVersionDate "2008.06.24"]
[SourceQuality "1"]

1. Nf3 Nf6 2. g3 g6 3. Bg2 Bg7 4. 0-0 0-0 5. d3 d5 6. c4 Nc6 7. cxd5 Nxd5 8. Qd2 Bg4 9. Nc3 Nxc3 10. bxc3 Rb8 11. Bb2 e5 12. c4 Re8 13. h3 Bxf3 14. Bxf3 e4 15. Bxg7 exf3 16. Qc3 Rxe2 17. Rfe1 Qd7 18. Kh2 Rxf2+ 19. Kg1 Rg2+ 0-1